Дело об освобождении городских обществ и земств от взноса пособия казне на содержание средних учебных заведений

Доступно только в Электронных читальных залах Найти на картеНа карте
RUSMARC
00003760nmc2a22000003x 450
001b3015f6b-b8dc-4d3e-94dd-a48170c08d18
00520200214040840.0
100##$a20180803l19001908k l0rusy0189 ca
1010#$arus
102##$aRU
2001#$aДело об освобождении городских обществ и земств от взноса пособия казне на содержание средних учебных заведений
$j11 января 1900 г. - 1 мая 1908 г.
251##$cДело
300##$aДело
801#0$aRU
$bРГИА
$c20180803
$gRCR
801#1$aRU
$bГлавНИВЦ
$c20180803
$2rusmarc
801#2$aRU
$bПБ им. Б.Н. Ельцина
$c20200214
$gRCR
$2rusmarc
850##$aРГИА
852##$aРГИА
$eФедеральное казенное учреждение "Российский государственный исторический архив" (РГИА)
$j181
937##$hРГИА
$d12232482
$aASBIBLIO_SCAN
462#0$10011f1c399a-14ed-42fa-9eb1-1d2a6a2e794b
$12001
$aДела разряда средних учебных заведений Департамента народного просвещения за 1898-1906 гг
$1251
$cОпись
$1852
$j166
461#0$1001a74412a3-3cc5-4d21-8f0a-dfe2fbd9e72d
$12001
$aДепартамент народного просвещения Министерства народного просвещения (1803-1917)
$1251
$cФонд
$1852
$j733
215##$a282 л.
$d36,5х26 см
371##$aДокумент не является опубликованным и широко распространяемым
105##$ay###
1222#$ad
035##$ab3015f6b-b8dc-4d3e-94dd-a48170c08d18
856##$uhttp://readingroom.main.prlib.ru/item.aspx?id_node=n139659226&mode=full
Формат отображения